000 00680nam a2200205Ia 4500
005 20250508165928.0
008 008 250505s9999 xx 000 0 eng d
037 _aTextual
040 _aFEDL
_beng
_cFEDL
041 _aeng
_2eng
084 _a372.350 44, DRI
_qFEDL
100 _aDriver Rosalind Ed.
_9782443
245 0 _aChildren's ideas in science
260 _aBallmoor
_bOpen University Press
_c1985
300 _axi, 208p.
546 _aPhotocopy and gifted by HOD Namita Ranaganathan in memory of Prof. Arvind Gaysu
700 _a Guesne Edith Ed. Tiberghien Andree Ed.
_9782444
942 _cTEXL
_h372.350 44, DRI
999 _c1398246
_d1398246